000
00317 a2200133 4500
001
148366
040
_c
Escola São Tomás de Aquino
100
_a
GONTIJO, Solange Avelar Fonseca
240
1
0
_a
Cacá o papagaio
_l
por
245
1
0
_a
Cacá o papagaio
362
0
_a
1997
697
_a
*LITERATURA INFANTIL
942
_c
BK
999
_c
148366
_d
148366